000 00366nam a22001217a 4500
082 _aTHE 200
100 _aIRFAN GHALIB,
_915943
245 _aTH-SOF-0759-BUSINESS PROCESS RE DESIGN AN EFFECTIVE SOLUTION TO THE DIMINISHI
260 _aNUST COLLEGE OF EME
_bISLAMABAD
_c2001
650 _aMS-EM-5 MSTHESIS
_972537
700 _aDR SHAFQAT HAMEED
_929330
942 _cCF
999 _c578781
_d578781